Progressivity of personal income tax in Craotia: Decomposition of tax base and rate effects
Uložené v:
| Hlavný autor: | |
|---|---|
| Médium: | Kniha |
| Jazyk: | English |
| Vydavateľské údaje: |
Zagreb
Institute of Public Finance
2006
|
| Edícia: | Occasional paper series
no. 32 |
| Predmet: | |
| Tagy: |
Žiadne tagy, Buďte prvý, kto otaguje tento záznam!
|
MARC
| LEADER | 00000nam$a2200000$$$4500 | ||
|---|---|---|---|
| 001 | 0054376 | ||
| 005 | 20240313135413.8 | ||
| 041 | 0 | |a eng | |
| 044 | |a HR | ||
| 245 | 1 | 0 | |a Progressivity of personal income tax in Craotia: Decomposition of tax base and rate effects |c Ivica Urban |
| 264 | 1 | |a Zagreb |b Institute of Public Finance |c 2006 | |
| 300 | |a 33 s. | ||
| 490 | 1 | |a Occasional paper series |v no. 32 | |
| 830 | 0 | |a Occasional paper series |v no. 32 | |
| 610 | 2 | 0 | |a príjmy osobné |
| 610 | 2 | 0 | |a zdaňovanie |
| 610 | 2 | 0 | |a dane z príjmov |
| 610 | 2 | 0 | |a modelovanie ekonometrické |
| 610 | 2 | 0 | |a Chorvátsko |
| 610 | 2 | 0 | |a 2006 |
| 100 | 1 | |a Urban, Ivica | |